000 00554nam a22001937a 4500
999 _c181915
_d181915
005 20220216143130.0
010 _aENG-130025
020 _c275.00
_a139780071072618
035 _aEN-113557
037 _bDBAD/PUB
082 _a621.39
100 _aBalagurusamy E
245 _aBasic Computer Engineering:
_cBalagurusamy E
250 _a2011
260 _bTataMcGraw Hill Education Private Limited
_aNew Delhi
270 _a7 West Patel Nagar
_bDelhi
_e110008
300 _axvi,B.42
_c22 cm (pbk)
942 _2ddc
_cEN
_h621.39
_mBAL